Derecho concursal argentino e iberoamericano (Registro nro. 3401)
[ vista simple ]
| 000 -LEADER | |
|---|---|
| fixed length control field | 01275 a2200277 4500 |
| 001 - CONTROL NUMBER | |
| control field | 41181 |
| 005 - DATE AND TIME OF LATEST TRANSACTION | |
| control field | 20260407155705.0 |
| 008 - FIXED-LENGTH DATA ELEMENTS--GENERAL INFORMATION | |
| fixed length control field | 260407a1997 arg spa d |
| 003 - CONTROL NUMBER IDENTIFIER | |
| control field | AR-UNSa-BCEJYS |
| 040 ## - CATALOGING SOURCE | |
| Original cataloging agency | AR-UNSa-BCEJYS |
| Language of cataloging | spa |
| Transcribing agency | AR-UNSa-BCEJYS |
| 080 ## - UNIVERSAL DECIMAL CLASSIFICATION NUMBER | |
| Universal Decimal Classification number | 347.736 |
| Common auxiliary subdivision | Quiebra. Insolvencia. Suspensión de pagos. Bancarrota, procedimientos. Derecho Concursal |
| 020 ## - INTERNATIONAL STANDARD BOOK NUMBER | |
| International Standard Book Number | 950-894-104-9 |
| 041 ## - LANGUAGE CODE | |
| Language code of text/sound track or separate title | spa |
| 100 1# - MAIN ENTRY--PERSONAL NAME | |
| Personal name | Favier Dubois, Eduardo Mario (h) |
| 245 10 - TITLE STATEMENT | |
| Title | Derecho concursal argentino e iberoamericano |
| Name of part/section of a work | III Congreso Argentino de derecho concursal ; I Congreso Iberoamericano sobre la insolvencia |
| 264 #1 - PRODUCTION, PUBLICATION, DISTRIBUTION, MANUFACTURE, AND COPYRIGHT NOTICE | |
| Place of production, publication, distribution, manufacture | Buenos Aires : |
| Name of producer, publisher, distributor, manufacturer | AD-HOC |
| Date of production, publication, distribution, manufacture, or copyright notice | 1997 |
| 300 ## - PHYSICAL DESCRIPTION | |
| Extent | 4 v. |
| Dimensions | 23 cm. |
| 505 ## - FORMATTED CONTENTS NOTE | |
| Formatted contents note | Vol. I: prevención, concurso preventivo, salvataje -- Vol. II: quiebra, sindicatura, desempeño profesional |
| 590 ## - LOCAL NOTE (RLIN) | |
| Local note | niveau_biblio:m niveau_hierar:0 |
| 700 1# - ADDED ENTRY--PERSONAL NAME | |
| Personal name | Congreso Iberoamericano sobre la insolvencia (1º : 1997 nov. 27-29 : Mar del Plata, Argentina) |
| 700 1# - ADDED ENTRY--PERSONAL NAME | |
| Personal name | Congreso Argentino de Derecho Concursal (3º : 1997 nov. 27-29 : Mar del Plata, Argentina) |
| 700 1# - ADDED ENTRY--PERSONAL NAME | |
| Personal name | Bergel, Salvador Dario |
| 700 1# - ADDED ENTRY--PERSONAL NAME | |
| Personal name | Nissen, Ricardo Augusto |
| 856 41 - ELECTRONIC LOCATION AND ACCESS | |
| Uniform Resource Identifier | <a href="https://biblioeco.unsa.edu.ar/pmb/images/libros/L126414_01.jpg">https://biblioeco.unsa.edu.ar/pmb/images/libros/L126414_01.jpg</a> |
| Link text | Imagen de portada |
| Electronic format type | image/jpeg |
| 942 ## - ADDED ENTRY ELEMENTS (KOHA) | |
| Koha item type | |
| Withdrawn status | Lost status | Damaged status | Not for loan | Home library | Current library | Shelving location | Date acquired | Total checkouts | Full call number | Barcode | Date last seen | Price effective from | Koha item type |
|---|---|---|---|---|---|---|---|---|---|---|---|---|---|
| Biblioteca Prof. Eusebio Cleto del Rey | Biblioteca Prof. Eusebio Cleto del Rey | 07/04/2026 | 347.736 C749 v.1 | L126413 | 07/04/2026 | 07/04/2026 | Libro | ||||||
| Biblioteca Prof. Eusebio Cleto del Rey | Biblioteca Prof. Eusebio Cleto del Rey | 07/04/2026 | 347.736 C749 v.2 | L126414 | 07/04/2026 | 07/04/2026 | Libro |